Sports Quiz

Random Sports or Nintendo Quiz

Minnesota Vikings Lineups - 1960s Quiz Stats

 Plays Quiz not verified by Sporcle

Challenge
Share
Tweet
Embed
Score 0/198 Timer 20:00
0 Plays Today
Year Player % Correct
1966Fran Tarkenton
97.2%
1965Fran Tarkenton
97.2%
1964Fran Tarkenton
97.2%
1963Fran Tarkenton
97.2%
1962Fran Tarkenton
97.2%
1969Joe Kapp
95.7%
1969Carl Eller
95.7%
1969Alan Page
95.7%
1968Joe Kapp
95.7%
1968Carl Eller
95.7%
1968Alan Page
95.7%
1967Joe Kapp
95.7%
1967Carl Eller
95.7%
1967Alan Page
95.7%
1966Carl Eller
95.7%
1965Carl Eller
95.7%
1964Carl Eller
95.7%
1969Jim Marshall
93.6%
1968Jim Marshall
93.6%
1967Jim Marshall
93.6%
1966Jim Marshall
93.6%
1965Jim Marshall
93.6%
1964Jim Marshall
93.6%
1963Jim Marshall
93.6%
1962Jim Marshall
93.6%
1961Jim Marshall
93.6%
1969Mick Tingelhoff
90.1%
1968Mick Tingelhoff
90.1%
1967Mick Tingelhoff
90.1%
1966Mick Tingelhoff
90.1%
1965Mick Tingelhoff
90.1%
1964Mick Tingelhoff
90.1%
1963Mick Tingelhoff
90.1%
1962Mick Tingelhoff
90.1%
1969Bill Brown
89.4%
1969Paul Krause
89.4%
1968Bill Brown
89.4%
1968Paul Krause
89.4%
1967Bill Brown
89.4%
1967Paul Krause
89.4%
1966Bill Brown
89.4%
1965Bill Brown
89.4%
1964Bill Brown
89.4%
1963Bill Brown
89.4%
1969Ron Yary
86.5%
1969Gene Washington
82.3%
1968Gene Washington
82.3%
1969Dave Osborn
81.6%
1967Dave Osborn
81.6%
1968Clint Jones
80.9%
1969Gary Larsen
79.4%
1968Gary Larsen
79.4%
1966Gary Larsen
79.4%
1965Gary Larsen
79.4%
1969Wally Hilgenberg
75.2%
1969Grady Alderman
73.8%
1968Grady Alderman
73.8%
1967Grady Alderman
73.8%
1966Grady Alderman
73.8%
1965Grady Alderman
73.8%
1964Grady Alderman
73.8%
1963Grady Alderman
73.8%
1962Grady Alderman
73.8%
1961Grady Alderman
73.8%
1969Karl Kassulke
71.6%
1968Karl Kassulke
71.6%
Year Player % Correct
1967Karl Kassulke
71.6%
1966Karl Kassulke
71.6%
1965Karl Kassulke
71.6%
1964Karl Kassulke
71.6%
1963Karl Kassulke
71.6%
1969Roy Winston
70.9%
1968Roy Winston
70.9%
1967Roy Winston
70.9%
1966Roy Winston
70.9%
1965Roy Winston
70.9%
1964Roy Winston
70.9%
1963Roy Winston
70.9%
1969Bobby Bryant
70.2%
1966Tommy Mason
69.5%
1965Tommy Mason
69.5%
1964Tommy Mason
69.5%
1963Tommy Mason
69.5%
1962Tommy Mason
69.5%
1968Ed Sharockman
66.7%
1967Ed Sharockman
66.7%
1966Ed Sharockman
66.7%
1965Ed Sharockman
66.7%
1964Ed Sharockman
66.7%
1963Ed Sharockman
66.7%
1962Ed Sharockman
66.7%
1969Milt Sunde
64.5%
1967Milt Sunde
64.5%
1966Milt Sunde
64.5%
1965Milt Sunde
64.5%
1969Lonnie Warwick
62.4%
1968Lonnie Warwick
62.4%
1967Lonnie Warwick
62.4%
1966Lonnie Warwick
62.4%
1969John Henderson
61.7%
1961Hugh McElhenny
58.2%
1967Paul Flatley
57.4%
1966Paul Flatley
57.4%
1965Paul Flatley
57.4%
1964Paul Flatley
57.4%
1963Paul Flatley
57.4%
1965Gordie Smith
55.3%
1961George Shaw
55.3%
1961Gordie Smith
55.3%
1969John Beasley
50.4%
1969Earsell Mackbee
46.1%
1968Earsell Mackbee
46.1%
1967Earsell Mackbee
46.1%
1966Earsell Mackbee
46.1%
1965Rip Hawkins
40.4%
1964Rip Hawkins
40.4%
1963Rip Hawkins
40.4%
1962Rip Hawkins
40.4%
1961Rip Hawkins
40.4%
1969Jim Vellone
39.7%
1968Jim Vellone
39.7%
1966Jim Vellone
39.7%
1968Doug Davis
38.3%
1967Doug Davis
38.3%
1967Paul Dickson
38.3%
1966Doug Davis
38.3%
1966Paul Dickson
38.3%
1965Paul Dickson
38.3%
1964Paul Dickson
38.3%
1963Paul Dickson
38.3%
1962Paul Dickson
38.3%
1964Jerry Reichow
36.2%
Year Player % Correct
1963Jerry Reichow
36.2%
1962Jerry Reichow
36.2%
1961Jerry Reichow
36.2%
1963Steve Stonebreaker
34.8%
1962Steve Stonebreaker
34.8%
1961Jack Morris
24.8%
1962Clancy Osborne
24.1%
1961Clancy Osborne
24.1%
1968Bill Martin
20.6%
1967Red Phillips
20.6%
1966Red Phillips
20.6%
1965Red Phillips
20.6%
1966Dale Hackbart
19.1%
1968Tom Hall
17.7%
1965George Rose
17%
1964George Rose
17%
1966Preston Carpenter
14.2%
1963Jerry Huth
14.2%
1962Jerry Huth
14.2%
1961Jerry Huth
14.2%
1963Chuck Lamson
13.5%
1962Charley Ferguson
13.5%
1962Chuck Lamson
13.5%
1961Mel Triplett
13.5%
1962Frank Youso
12.8%
1961Frank Youso
12.8%
1964Jim Prestel
12.1%
1963Jim Prestel
12.1%
1962Jim Prestel
12.1%
1961Jim Prestel
12.1%
1968Larry Bowie
11.3%
1967Larry Bowie
11.3%
1965Larry Bowie
11.3%
1964Larry Bowie
11.3%
1963Larry Bowie
11.3%
1962Bill Butler
11.3%
1961Ed Culpepper
11.3%
1961Dick Pesonen
9.9%
1961Charlie Sumner
9.9%
1965Bill Jobko
8.5%
1964Bill Jobko
8.5%
1961Don Joyce
8.5%
1968John Kirby
7.1%
1967John Kirby
7.1%
1966John Kirby
7.1%
1961Dave Middleton
7.1%
1961Karl Rubke
7.1%
1962Mike Rabold
6.4%
1961Mike Rabold
6.4%
1967Martin McKeever
5.7%
1965Errol Linden
5.7%
1964Errol Linden
5.7%
1963Errol Linden
5.7%
1961Bill Lapham
5.7%
1965Larry Vargo
5%
1964Hal Bedsole
5%
1964Larry Vargo
5%
1962Doug Mayberry
5%
1962Cliff Livingston
5%
1963Lee Calland
4.3%
1962Dean Derby
4.3%
1964Palmer Pyle
3.5%
1962Jim Leo
3.5%
1963Don Hultz
2.8%
1961Rich Mostardi
2.1%
1963Ray Paoge
0.7%

You're not logged in!

Compare scores with friends on all Sporcle quizzes.
Join for Free
OR
Log In

You Might Also Like...

Show Comments

Extras

Top Quizzes Today


Score Distribution

Your Account Isn't Verified!

In order to create a playlist on Sporcle, you need to verify the email address you used during registration. Go to your Sporcle Settings to finish the process.

Report this User

Report this user for behavior that violates our Community Guidelines.

Details: